01124nam a2200193Ia 4500001001100000003001000011008004100021040002500062041001300087100002200100245002900122250001100151260008600162300001200248500026000260501011400520520026000634650003600894L200-52532IT-CnALBA170116s9999||||xx |||||||||||||| ||und|| aIT-CnALBAcIT-CnALBA aITALIANO aTANGORRA GIOVANNI 0aCREDERE DOPO AUSCHWITZ?  a1a ed. a REGGIO CALABRIAbSAN LORENZO ED. c1996 [1° Ed.:1996 - Ed.Ling.Originale: 1996] a172 p.  aINTRODUZIONE DELL'AUTORE. RICORDI. PIANIFICAZIONE STERMINIO. ORRORE SENZA FINE. FALLIMENTI. SCONFITTE DELL'UOMO E DELLA TEODICEA. TORMENTI. DIFENSORI E NEGATORI DI DIO. RIPENSAMENTO DIO. TESTIMONI DEL SILENZIO. TERRA DEL LATTE E DEL MIELE. RADICI. PROGETT aSocietà San Paolo EM - Piazza San Paolo, 14 - 12051 ALBA (CN) (non commercial uses only) ® Copyright 2017 aINTRODUZIONE DELL'AUTORE. RICORDI. PIANIFICAZIONE STERMINIO. ORRORE SENZA FINE. FALLIMENTI. SCONFITTE DELL'UOMO E DELLA TEODICEA. TORMENTI. DIFENSORI E NEGATORI DI DIO. RIPENSAMENTO DIO. TESTIMONI DEL SILENZIO. TERRA DEL LATTE E DEL MIELE. RADICI. PROGETT aRELIGIONE - RELIGIONE CRISTIANA